| 000 | 00932nam a2200241 a 4500 | ||
|---|---|---|---|
| 005 | 20240509064210.0 | ||
| 008 | 021024s2002 mx r 000 0 spa d | ||
| 020 | _a970188003X | ||
| 035 | _aUPN01000120444 | ||
| 049 | _aLTG | ||
| 050 | 4 |
_aLB2002 A1.46 _bN3.7 |
|
| 245 | 0 | 3 |
_aLa narración oral indígena en el aula / _cNorma Alcántara Martínez ... [et al.]. |
| 260 |
_aMéxico : _bSEP, _c2002. |
||
| 300 |
_a28 p. : _bil. |
||
| 440 | 0 |
_aPrograma Nacional para la Actualización Permanente de los Maestros de Educación Básica en Servicio. _pTalleres Generales de Actualización 2002-2003 |
|
| 500 | _a"Primaria indígena" | ||
| 650 | 4 |
_aMaestros en servicio, Formación de _9390 |
|
| 650 | 4 |
_aExpresión oral _91525 |
|
| 650 | 4 |
_aIndígenas de México _xEducación _910 |
|
| 700 | 1 |
_aAlcántara Martínez, Norma, _ecoaut. _932710 |
|
| 710 | 1 |
_aMéxico. _bSubsecretaría de Educación Básica y Normal _927954 |
|
| 905 | _aLibro | ||
| 999 |
_c92778 _d92778 |
||